<?xml version="1.0" encoding="UTF-8"?>
<record
    xmlns:xsi="http://www.w3.org/2001/XMLSchema-instance"
    xsi:schemaLocation="http://www.loc.gov/MARC21/slim http://www.loc.gov/standards/marcxml/schema/MARC21slim.xsd"
    xmlns="http://www.loc.gov/MARC21/slim">

  <leader>04106nab a2200361 i 4500</leader>
  <controlfield tag="003">BR-BrBNA</controlfield>
  <controlfield tag="005">20240312132133.0</controlfield>
  <controlfield tag="008">240312b2020    bl.ar|pooa||| 00| 0 eng |</controlfield>
  <datafield tag="040" ind1=" " ind2=" ">
    <subfield code="a">BR-BrBNA</subfield>
    <subfield code="b">eng</subfield>
  </datafield>
  <datafield tag="072" ind1=" " ind2=" ">
    <subfield code="a">F04</subfield>
    <subfield code="b">0150</subfield>
  </datafield>
  <datafield tag="100" ind1=" " ind2=" ">
    <subfield code="a">Marchi, Giuliano</subfield>
  </datafield>
  <datafield tag="100" ind1=" " ind2=" ">
    <subfield code="a">Guelfi-Silva, Douglas Ramos</subfield>
  </datafield>
  <datafield tag="100" ind1=" " ind2=" ">
    <subfield code="a">Malaquias, Juaci Vit&#xF3;ria</subfield>
  </datafield>
  <datafield tag="100" ind1=" " ind2=" ">
    <subfield code="a">Guilherme, Luiz Roberto Guimar&#xE3;es</subfield>
  </datafield>
  <datafield tag="100" ind1=" " ind2=" ">
    <subfield code="a">Spehar, Carlos Roberto</subfield>
  </datafield>
  <datafield tag="100" ind1=" " ind2=" ">
    <subfield code="a">Martins, Eder de Souza</subfield>
  </datafield>
  <datafield tag="245" ind1=" " ind2=" ">
    <subfield code="a">Solubility and availability of micronutrients extracted from silicate agrominerals</subfield>
  </datafield>
  <datafield tag="500" ind1=" " ind2=" ">
    <subfield code="a">Publica&#xE7;&#xE3;o on-line; 37 ref.; 5 tables; Summaries (En, Pt)</subfield>
  </datafield>
  <datafield tag="520" ind1=" " ind2=" ">
    <subfield code="a">

Abstract &#x2013; The objective of this work was to evaluate the solubility of the
micronutrients copper, nickel, and zinc, chemically extracted from silicate
agrominerals, as alternative sources of potassium for lettuce (Lactuca sativa)
and rice (Oryza sativa) cultures, as well as their availability to the plants. The
micronutrient contents of five agrominerals (alkaline ultramafic, biotite schist,
volcanic breccia, phlogopite schist, and mining by-product from Chapada)
were evaluated, after being extracted by the citric acid, hydrochloric acid,
diethylenetriaminepentaacetic acid, 3051A, neutral ammonium citrate, and
Mehlich-3 methods. The agrominerals, at the doses of 0 (control), 200, 400, and
600 kg ha-1 K, were mixed to soil where lettuce and rice were cultivated. The
agrominerals presented a low solubility of Ni, Cu, and Zn, with lower contents
in lettuce shoots and rice grains than the corresponding soluble standards in
sulfate form. The availability of micronutrients to the plants increased with
the use of agrominerals, in comparison with the control. Similarities were
observed in micronutrient solubility and availability between the different
groups of agrominerals. The solubility and availability of Cu, Ni, and Zn
depend on the solubility of the minerals that compose the agrominerals.


Index terms: copper, mining by-product, nickel, nutrient availability, zinc.
</subfield>
  </datafield>
  <datafield tag="520" ind1=" " ind2=" ">
    <subfield code="a">

Resumo &#x2013; O objetivo deste trabalho foi avaliar a solubilidade dos
micronutrientes cobre, n&#xED;quel e zinco, extra&#xED;dos quimicamente de agrominerais
silic&#xE1;ticos, como fonte alternativa de pot&#xE1;ssio para as culturas de alface
(Lactuca sativa) e arroz (Oryza sativa), bem como sua disponibilidade para
as plantas. Avaliaram-se os teores de micronutrientes de cinco agrominerais
(ultram&#xE1;fica alcalina, biotita xisto, brecha vulc&#xE2;nica, flogopita xisto e
subproduto de minera&#xE7;&#xE3;o de Chapada), ap&#xF3;s extra&#xE7;&#xE3;o pelos m&#xE9;todos &#xE1;cido
c&#xED;trico, &#xE1;cido clor&#xED;drico, &#xE1;cido dietilenotriamino penta-ac&#xE9;tico, 3051A, citrato
neutro de am&#xF4;nio e Mehlich 3. Os agrominerais, nas doses de 0 (controle),
200, 400 e 600 kg ha-1 de K, foram misturados em solo com cultivo de alface
e arroz. Os agrominerais apresentaram baixa solubilidade de Ni, Cu e Zn,
com menores teores em folhas de alface e gr&#xE3;os de arroz que o padr&#xE3;o sol&#xFA;vel
correspondente na forma de sulfato. A disponibilidade de micronutrientes para
as plantas aumentou com uso dos agrominerais, em compara&#xE7;&#xE3;o ao controle.
Foram observadas similaridades na solubilidade e na disponibilidade de
micronutrientes entre os diferentes grupos de agrominerais. A solubilidade e
a disponibilidade de Cu, Ni e Zn dependem da solubilidade dos minerais que
comp&#xF5;em os agrominerais.


Termos para indexa&#xE7;&#xE3;o: cobre, subproduto de minera&#xE7;&#xE3;o, n&#xED;quel,
disponibilidade de nutrientes, zinco.</subfield>
  </datafield>
  <datafield tag="650" ind1=" " ind2=" ">
    <subfield code="a">ALFACE</subfield>
  </datafield>
  <datafield tag="650" ind1=" " ind2=" ">
    <subfield code="a">ARROZ</subfield>
  </datafield>
  <datafield tag="650" ind1=" " ind2=" ">
    <subfield code="a">COBRE</subfield>
  </datafield>
  <datafield tag="650" ind1=" " ind2=" ">
    <subfield code="a">N&#xCD;QUEL</subfield>
  </datafield>
  <datafield tag="650" ind1=" " ind2=" ">
    <subfield code="a">ZINCO</subfield>
  </datafield>
  <datafield tag="650" ind1=" " ind2=" ">
    <subfield code="a">NUTRIENTES</subfield>
  </datafield>
  <datafield tag="650" ind1=" " ind2=" ">
    <subfield code="a">MINERA&#xC7;&#xC3;O</subfield>
  </datafield>
  <datafield tag="650" ind1=" " ind2=" ">
    <subfield code="a">RES&#xCD;DUO</subfield>
  </datafield>
  <datafield tag="773" ind1="0" ind2=" ">
    <subfield code="0">920</subfield>
    <subfield code="9">25800</subfield>
    <subfield code="d">Bras&#xED;lia-DF Empresa Brasileira de Pesquisa Agropecu&#xE1;ria - EMBRAPA 1966-</subfield>
    <subfield code="o">2023-436355</subfield>
    <subfield code="t">Pesquisa Agropecu&#xE1;ria Brasileira (Brazil)</subfield>
    <subfield code="x">0100-204X</subfield>
    <subfield code="g">v. 55 p. 1-12; (2020)</subfield>
    <subfield code="w">BR2024000211</subfield>
  </datafield>
  <datafield tag="856" ind1=" " ind2=" ">
    <subfield code="u">https://www.scielo.br/j/pab/a/C8mYzN9n8wC3XbrcRNnfhwM/?format=pdf&amp;lang=en</subfield>
  </datafield>
  <datafield tag="942" ind1=" " ind2=" ">
    <subfield code="c">Anal&#xED;tica</subfield>
  </datafield>
  <datafield tag="999" ind1=" " ind2=" ">
    <subfield code="c">298762</subfield>
    <subfield code="d">298762</subfield>
  </datafield>
</record>
